| 000 | 00369cam a2200145ua 4500 | ||
|---|---|---|---|
| 041 |
_aeng _h |
||
| 082 |
_a636 _bELL/FE |
||
| 100 | _aEllis, J C B . | ||
| 245 |
_aFeeding of farm live stock / _cJ C B Ellis. _hTextual Documents |
||
| 260 |
_aLondon : _bCrosby Lovekwood and son ltd , _c1954. |
||
| 300 | _a263 ; . | ||
| 504 | _a | ||
| 942 | _cBK | ||
| 999 |
_c10719 _d10719 |
||